[Event "Verbandsliga Nordbaden 1920"]
[Site "Baden"]
[Date "2021.07.04"]
[Round "8.5"]
[White "Arlt, Reinhard"]
[Black "Kistner, Klaus"]
[Result "0-1"]
[WhiteElo "2152"]
[BlackElo "2169"]
[PlyCount "92"]
[EventDate "2019.09.29"]
[EventType "team-tourn"]
[EventRounds "9"]
[EventCountry "GER"]
[SourceTitle "EXT 2021"]
[Source "ChessBase"]
[SourceDate "2020.10.23"]
[SourceVersion "1"]
[SourceVersionDate "2020.10.23"]
[SourceQuality "1"]
[WhiteTeam "Karlsruhe II"]
[BlackTeam "Bad Mergentheim II"]
[WhiteTeamCountry "GER"]
[BlackTeamCountry "GER"]

1. e4 e6 2. d4 d5 3. Nc3 Bb4 4. e5 c5 5. a3 Bxc3+ 6. bxc3 Ne7 7. Nf3 Bd7 8. a4 Nbc6 9. Be2 Qc7 10. 0-0 b6 11. Re1 h6 12. Bf1 Na5 13. Bd3 Rc8 14. Be3 cxd4 15. cxd4 Nc4 16. Bc1 Bc6 17. Bxc4 dxc4 18. Nd2 Bb7 19. c3 0-0 20. Ba3 Rfe8 21. Re3 Nf5 22. Re1 Qd8 23. Qg4 Qh4 24. Qxh4 Nxh4 25. Ne4 Bxe4 26. Rxe4 Ng6 27. f4 Ne7 28. Bxe7 Rxe7 29. g4 Rb7 30. f5 a6 31. fxe6 fxe6 32. h4 b5 33. axb5 axb5 34. Rb1 b4 35. Rxb4 Rxb4 36. cxb4 c3 37. Re1 Rc4 38. Kf2 Rxd4 39. Rc1 Rxb4 40. Rxc3 Rxg4 41. Rc7 Rxh4 42. Ke3 Rg4 43. Re7 Rg6 44. Kd4 h5 45. Kc5 h4 46. Ra7 h3 0-1

[Event "Verbandsliga Nordbaden 1920"]
[Site "Baden"]
[Date "2020.01.12"]
[Round "4.6"]
[White "Guenthner, Oliver"]
[Black "Arlt, Reinhard"]
[Result "1-0"]
[WhiteElo "2173"]
[BlackElo "2152"]
[PlyCount "33"]
[EventDate "2019.09.29"]
[EventType "team-tourn"]
[EventRounds "9"]
[EventCountry "GER"]
[SourceTitle "EXT 2021"]
[Source "ChessBase"]
[SourceDate "2020.10.23"]
[SourceVersion "1"]
[SourceVersionDate "2020.10.23"]
[SourceQuality "1"]
[WhiteTeam "Hockenheim II"]
[BlackTeam "Karlsruhe II"]
[WhiteTeamCountry "GER"]
[BlackTeamCountry "GER"]

1. Nf3 Nf6 2. c4 e6 3. b3 b6 4. g3 Bb7 5. Bg2 d6 6. Bb2 e5 7. 0-0 Be7 8. d4 exd4 9. Qxd4 Nbd7 10. Nc3 Nc5 11. Rfe1 Ne6 12. Qd2 a5 13. Nd5 0-0 14. Nxe7+ Qxe7 15. Qc2 Be4 16. Bxf6 Bxc2 17. Bxe7 1-0

[Event "Verbandsliga Nordbaden 1920"]
[Site "Baden"]
[Date "2019.12.01"]
[Round "3.5"]
[White "Farmani Anosheh, Yasha"]
[Black "Arlt, Reinhard"]
[Result "1-0"]
[WhiteElo "2171"]
[BlackElo "2152"]
[PlyCount "53"]
[EventDate "2019.09.29"]
[EventType "team-tourn"]
[EventRounds "9"]
[EventCountry "GER"]
[SourceTitle "EXT 2021"]
[Source "ChessBase"]
[SourceDate "2020.10.23"]
[SourceVersion "1"]
[SourceVersionDate "2020.10.23"]
[SourceQuality "1"]
[WhiteTeam "Ladenburg"]
[BlackTeam "Karlsruhe II"]
[WhiteTeamCountry "GER"]
[BlackTeamCountry "GER"]

1. d4 Nf6 2. c4 e6 3. g3 d5 4. Bg2 Nc6 5. Nf3 dxc4 6. 0-0 Bd6 7. Qc2 0-0 8. Qxc4 e5 9. d5 Ne7 10. Nc3 a6 11. a4 b5 12. Qd3 b4 13. Ne4 Nxe4 14. Qxe4 f5 15. Qc4 Kh8 16. e4 a5 17. Rd1 Ba6 18. Qc2 Qe8 19. Ng5 f4 20. gxf4 b3 21. Qc3 exf4 22. e5 Qh5 23. Bxf4 Rxf4 24. exd6 Qxg5 25. dxe7 Rg4 26. Qf3 Rg8 27. Re1 1-0

[Event "Verbandsliga Nordbaden 1617"]
[Site "Baden"]
[Date "2017.05.14"]
[Round "9.7"]
[White "Mueller, Rene"]
[Black "Arlt, Reinhard"]
[Result "1/2-1/2"]
[WhiteElo "1827"]
[BlackElo "2152"]
[PlyCount "82"]
[EventDate "2016.10.09"]
[EventType "team-tourn"]
[EventRounds "9"]
[EventCountry "GER"]
[SourceTitle "EXT 2022"]
[Source "ChessBase"]
[SourceDate "2021.10.06"]
[SourceVersion "1"]
[SourceVersionDate "2021.10.06"]
[SourceQuality "1"]
[WhiteTeam "Tauberbischofsheim"]
[BlackTeam "Karlsruhe II"]
[WhiteTeamCountry "GER"]
[BlackTeamCountry "GER"]

1. d4 Nf6 2. c4 e6 3. Nc3 d5 4. Bg5 Bb4 5. e3 h6 6. Bf4 Ne4 7. Qc2 Nc6 8. Bd3 Nxc3 9. bxc3 dxc4 10. cxb4 cxd3 11. Qxd3 0-0 12. Qc3 Qd5 13. Nf3 Qb5 14. a3 a5 15. bxa5 Rxa5 16. Bxc7 Ra4 17. Nd2 Bd7 18. Qb3 Qa6 19. Ne4 Na5 20. Bxa5 Qxa5+ 21. Qc3 Qd5 22. f3 Rc4 23. Qb2 Ba4 24. 0-0 Rc2 25. Qb4 Rc4 26. Qe1 Bc2 27. Nc3 Qc6 28. Nd1 Bd3 29. Rf2 Rc8 30. Nb2 Rc3 31. Nxd3 Rxd3 32. Rd2 Qc3 33. Rxd3 Qxd3 34. Rc1 Rc2 35. Rxc2 Qxc2 36. Qb4 Qe2 37. Qc3 b5 38. h3 h5 39. Kh1 Qc4 40. Qb2 Qd3 41. Qc1 Qc4 1/2-1/2

[Event "Verbandsliga Nordbaden 1617"]
[Site "Baden"]
[Date "2017.04.02"]
[Round "8.5"]
[White "Arlt, Reinhard"]
[Black "Gehrig, Matthias"]
[Result "0-1"]
[WhiteElo "2152"]
[BlackElo "2078"]
[PlyCount "108"]
[EventDate "2016.10.09"]
[EventType "team-tourn"]
[EventRounds "9"]
[EventCountry "GER"]
[SourceTitle "EXT 2022"]
[Source "ChessBase"]
[SourceDate "2021.10.06"]
[SourceVersion "1"]
[SourceVersionDate "2021.10.06"]
[SourceQuality "1"]
[WhiteTeam "Karlsruhe II"]
[BlackTeam "Buchen II"]
[WhiteTeamCountry "GER"]
[BlackTeamCountry "GER"]

1. e4 e5 2. Nf3 d6 3. d4 Nd7 4. Nc3 Ngf6 5. h3 Be7 6. Be3 c6 7. Be2 b5 8. a3 a6 9. 0-0 Qc7 10. g4 h6 11. Nd2 g5 12. Re1 Nf8 13. Nf1 Ne6 14. Ng3 Nf4 15. Bxf4 gxf4 16. Nf5 Kf8 17. Bf3 Qb6 18. Nxe7 Kxe7 19. Ne2 Bd7 20. Qd2 Rag8 21. Rad1 Qc7 22. Nxf4 exf4 23. e5 dxe5 24. Rxe5+ Kf8 25. Qxf4 Qd6 26. Rde1 Rg6 27. Kf1 Nd5 28. Bxd5 cxd5 29. Qf3 Be6 30. Qe3 Kg7 31. f4 Rf6 32. f5 Bd7 33. Qf3 Bc6 34. h4 Qd7 35. g5 hxg5 36. hxg5 Rd6 37. Re7 Qc8 38. g6 Rf6 39. R1e5 Kf8 40. g7+ Kxg7 41. Qg4+ Kf8 42. Qg5 Rh1+ 43. Kg2 Rhh6 44. Qf4 Bd7 45. Re2 Rhg6+ 46. Kh1 Bxf5 47. Re8+ Qxe8 48. Rxe8+ Kxe8 49. Qb8+ Ke7 50. Kh2 Be4 51. Kh3 Rh6+ 52. Kg3 Rfg6+ 53. Kf4 Rh4+ 54. Ke3 Rh3+ 0-1

[Event "Verbandsliga Nordbaden 1617"]
[Site "Baden"]
[Date "2016.10.09"]
[Round "1.6"]
[White "Vinke, Andreas"]
[Black "Arlt, Reinhard"]
[Result "1-0"]
[WhiteElo "2173"]
[BlackElo "2152"]
[PlyCount "85"]
[EventDate "2016.10.09"]
[EventType "team-tourn"]
[EventRounds "9"]
[EventCountry "GER"]
[SourceTitle "EXT 2022"]
[Source "ChessBase"]
[SourceDate "2021.10.06"]
[SourceVersion "1"]
[SourceVersionDate "2021.10.06"]
[SourceQuality "1"]
[WhiteTeam "Karlsruhe"]
[BlackTeam "Karlsruhe II"]
[WhiteTeamCountry "GER"]
[BlackTeamCountry "GER"]

1. c4 Nf6 2. g3 g6 3. Bg2 Bg7 4. Nc3 e5 5. e4 Nc6 6. Nge2 0-0 7. 0-0 d6 8. d3 a6 9. h3 Bd7 10. Be3 Qc8 11. Kh2 Rb8 12. f4 Re8 13. Qd2 h5 14. Rac1 b5 15. c5 dxc5 16. Bxc5 Nh7 17. Nd5 Qd8 18. b3 Rc8 19. fxe5 Bxe5 20. d4 Bg7 21. e5 Qg5 22. Nef4 Nd8 23. h4 Qh6 24. Ne7+ Rxe7 25. Bxe7 g5 26. Nd5 gxh4 27. Qxh6 hxg3+ 28. Kxg3 Bxh6 29. Rxc7 Rxc7 30. Nxc7 Nc6 31. Bxc6 Bxc6 32. d5 Bd7 33. Kh4 Bg7 34. Re1 Bg4 35. Nxa6 f5 36. d6 f4 37. Nc5 f3 38. d7 Bxd7 39. Nxd7 Kf7 40. Bc5 Ke6 41. Nf6 Nf8 42. Nxh5 Bh6 43. Bxf8 1-0

[Event "Verbandsliga Nord Baden 1314"]
[Site "Germany"]
[Date "2014.02.02"]
[Round "5.3"]
[White "Arlt, Reinhard"]
[Black "Kolb, Hans Martin"]
[Result "0-1"]
[WhiteElo "2156"]
[BlackElo "2218"]
[PlyCount "70"]
[EventDate "2013.10.20"]
[EventType "team-tourn"]
[EventRounds "9"]
[EventCountry "GER"]
[SourceTitle "EXT 2015"]
[Source "ChessBase"]
[SourceDate "2014.11.20"]
[SourceVersion "1"]
[SourceVersionDate "2014.11.20"]
[SourceQuality "1"]
[WhiteTeam "Karlsruhe II"]
[BlackTeam "Lindenhof"]
[WhiteTeamCountry "GER"]
[BlackTeamCountry "GER"]

1. e4 d5 2. exd5 Qxd5 3. Nc3 Qa5 4. g3 c6 5. Bg2 Nf6 6. Nf3 Bg4 7. h3 Bh5 8. b4 Qc7 9. Rb1 a6 10. a4 e6 11. 0-0 Be7 12. b5 axb5 13. axb5 0-0 14. bxc6 bxc6 15. g4 Bg6 16. d3 Na6 17. Ne2 Rab8 18. Ra1 Nb4 19. Nf4 Nfd5 20. Nxg6 hxg6 21. Qd2 c5 22. Re1 Bf6 23. Ra3 c4 24. Re4 cxd3 25. cxd3 Rfc8 26. Rc4 Qd6 27. g5 Be7 28. Bb2 Nc6 29. Ra6 Bf8 30. Ne5 Rxb2 31. Qxb2 Rb8 32. Rcxc6 Qxc6 33. Qxb8 Qxa6 34. Qe8 Qa1+ 35. Bf1 Qxe5 0-1

[Event "Oberliga Baden 0910"]
[Site "Germany"]
[Date "2009.11.15"]
[Round "2.8"]
[White "Schrepp, Martin"]
[Black "Arlt, Reinhard"]
[Result "1/2-1/2"]
[WhiteElo "2288"]
[BlackElo "2204"]
[PlyCount "61"]
[EventDate "2009.10.18"]
[EventType "team-tourn"]
[EventRounds "9"]
[EventCountry "GER"]
[SourceTitle "EXT 2011"]
[Source "ChessBase"]
[SourceDate "2010.11.26"]
[SourceVersion "1"]
[SourceVersionDate "2010.11.26"]
[SourceQuality "1"]
[WhiteTeam "Hockenheim"]
[BlackTeam "Karlsruhe"]
[WhiteTeamCountry "GER"]
[BlackTeamCountry "GER"]

1. e4 e6 2. d3 c5 3. g3 Nc6 4. Bg2 g6 5. Ne2 Bg7 6. c4 Nge7 7. Nbc3 d6 8. 0-0 Nd4 9. Nxd4 cxd4 10. Ne2 a5 11. b3 0-0 12. a3 Nc6 13. Bd2 e5 14. b4 Rb8 15. Qc2 b6 16. Rab1 Bd7 17. f4 f5 18. exf5 gxf5 19. c5 bxc5 20. bxc5 Qe7 21. Qc4+ Kh8 22. cxd6 Qxd6 23. Qd5 Qxd5 24. Bxd5 a4 25. fxe5 Nxe5 26. Nxd4 Nxd3 27. Ne6 Bxe6 28. Bxe6 Rxb1 29. Rxb1 f4 30. gxf4 Nxf4 31. Bxf4 1/2-1/2

[Event "Verbandsliga Nord Baden 0809"]
[Site "Germany"]
[Date "2009.03.08"]
[Round "7.2"]
[White "Haas, Michael"]
[Black "Arlt, Reinhard"]
[Result "1/2-1/2"]
[WhiteElo "2185"]
[BlackElo "2204"]
[PlyCount "33"]
[EventDate "2008.09.28"]
[EventType "team"]
[EventRounds "9"]
[EventCountry "GER"]
[SourceTitle "EXT 2010"]
[Source "ChessBase"]
[SourceDate "2010.11.25"]
[SourceVersion "1"]
[SourceVersionDate "2010.11.25"]
[SourceQuality "1"]
[WhiteTeam "Walldorf"]
[BlackTeam "Karlsruhe II"]
[WhiteTeamCountry "GER"]
[BlackTeamCountry "GER"]

1. e4 e6 2. d4 d5 3. exd5 exd5 4. Bd3 c5 5. Qe2+ Be7 6. dxc5 Nf6 7. Nf3 0-0 8. 0-0 Bxc5 9. c3 Bg4 10. Nbd2 Re8 11. Qd1 Nc6 12. Qc2 Qb6 13. h3 Bh5 14. g4 Bg6 15. Bxg6 hxg6 16. Nb3 d4 17. cxd4 1/2-1/2

[Event "Verbandsliga Nord Baden 0607"]
[Site "Germany"]
[Date "2007.03.25"]
[Round "8.3"]
[White "Arlt, Reinhard"]
[Black "Voloshin, Leonid"]
[Result "1/2-1/2"]
[WhiteElo "2204"]
[BlackElo "2432"]
[PlyCount "44"]
[EventDate "2006.10.22"]
[EventType "team"]
[EventRounds "9"]
[EventCountry "GER"]
[SourceTitle "EXT 2008"]
[Source "ChessBase"]
[SourceDate "2007.11.25"]
[SourceVersion "1"]
[SourceVersionDate "2007.11.25"]
[SourceQuality "1"]
[WhiteTeam "Karlsruhe II"]
[BlackTeam "Buchen"]
[WhiteTeamCountry "GER"]
[BlackTeamCountry "GER"]

1. e4 c5 2. Nc3 Nc6 3. g3 g6 4. Bg2 Bg7 5. d3 d6 6. Be3 Rb8 7. Nge2 Nd4 8. 0-0 h5 9. h4 b5 10. a3 a5 11. Rb1 b4 12. axb4 axb4 13. Nd5 e6 14. Ndf4 Ne7 15. Nxd4 cxd4 16. Bd2 0-0 17. Ra1 Bd7 18. Nh3 Qc7 19. f4 d5 20. Rc1 dxe4 21. dxe4 Rfc8 22. Ng5 Qb6 1/2-1/2

[Event "Verbandsliga Nord Baden 0607"]
[Site "Germany"]
[Date "2006.12.17"]
[Round "4.4"]
[White "Arlt, Reinhard"]
[Black "Hauser, Carlos"]
[Result "1/2-1/2"]
[WhiteElo "2204"]
[BlackElo "2120"]
[PlyCount "73"]
[EventDate "2006.10.22"]
[EventType "team"]
[EventRounds "9"]
[EventCountry "GER"]
[SourceTitle "EXT 2008"]
[Source "ChessBase"]
[SourceDate "2007.11.25"]
[SourceVersion "1"]
[SourceVersionDate "2007.11.25"]
[SourceQuality "1"]
[WhiteTeam "Karlsruhe II"]
[BlackTeam "Walldorf"]
[WhiteTeamCountry "GER"]
[BlackTeamCountry "GER"]

1. e4 c5 2. Nc3 Nc6 3. g3 g6 4. Bg2 Bg7 5. d3 e6 6. Be3 d6 7. Nge2 Nd4 8. Qd2 Rb8 9. 0-0 b5 10. Nd1 b4 11. f4 Ne7 12. Nc1 0-0 13. c3 bxc3 14. bxc3 Ndc6 15. Ne2 Qa5 16. g4 f5 17. gxf5 exf5 18. Nb2 Nd4 19. Nc4 Nxe2+ 20. Qxe2 Qa6 21. e5 dxe5 22. Bxc5 Qe6 23. Nxe5 Bb7 24. Rae1 Rfc8 25. Bxa7 Bxg2 26. Qxg2 Ra8 27. Nc4 Qd7 28. Bc5 Nd5 29. d4 Nxc3 30. Re7 Qd5 31. Qxd5+ Nxd5 32. Rd7 Nf6 33. Rb7 Rxa2 34. Nb6 Re8 35. Re7 Rxe7 36. Bxe7 Ne4 37. Rd1 1/2-1/2

[Event "Verbandsliga Nord Baden 0506"]
[Site "Germany"]
[Date "2006.04.09"]
[Round "8.1"]
[White "Vatter, Hans Joachim"]
[Black "Arlt, Reinhard"]
[Result "1-0"]
[WhiteElo "2317"]
[BlackElo "2204"]
[PlyCount "55"]
[EventDate "2005.10.16"]
[EventType "team"]
[EventRounds "9"]
[EventCountry "GER"]
[SourceTitle "EXT 2007"]
[Source "ChessBase"]
[SourceDate "2006.11.23"]
[SourceVersion "1"]
[SourceVersionDate "2006.11.23"]
[SourceQuality "1"]
[WhiteTeam "Karlsruhe Slavija"]
[BlackTeam "Karlsruhe II"]
[WhiteTeamCountry "GER"]
[BlackTeamCountry "GER"]

1. d4 f5 2. g3 g6 3. c4 Nf6 4. Nf3 d6 5. b4 Bg7 6. Bb2 0-0 7. Bg2 c6 8. 0-0 Na6 9. Qb3 Kh8 10. a4 Nc7 11. b5 Bd7 12. Nbd2 Qe8 13. Rfe1 Ne4 14. Qc2 Nxd2 15. Qxd2 e5 16. dxe5 dxe5 17. Qd6 Rc8 18. Bxe5 Ne6 19. Rad1 Rd8 20. Bxg7+ Kxg7 21. Nd4 Ng5 22. Qc7 Rc8 23. Nxf5+ Rxf5 24. Rxd7+ Rf7 25. Rxf7+ Nxf7 26. Qxb7 cxb5 27. cxb5 Rc2 28. Bd5 1-0

[Event "Verbandsliga Nord Baden 0506"]
[Site "Germany"]
[Date "2005.11.27"]
[Round "3.3"]
[White "Wrede, Michael"]
[Black "Arlt, Reinhard"]
[Result "1/2-1/2"]
[WhiteElo "2183"]
[BlackElo "2204"]
[PlyCount "51"]
[EventDate "2005.10.16"]
[EventType "team"]
[EventRounds "9"]
[EventCountry "GER"]
[SourceTitle "EXT 2007"]
[Source "ChessBase"]
[SourceDate "2006.11.23"]
[SourceVersion "1"]
[SourceVersionDate "2006.11.23"]
[SourceQuality "1"]
[WhiteTeam "Heidelberg Handschuhsheim II"]
[BlackTeam "Karlsruhe II"]
[WhiteTeamCountry "GER"]
[BlackTeamCountry "GER"]

1. d4 f5 2. e4 fxe4 3. Nc3 Nf6 4. Bg5 g6 5. Bc4 c6 6. d5 Bg7 7. h4 cxd5 8. Nxd5 e6 9. Nf4 Nc6 10. Qe2 Qa5+ 11. c3 d5 12. Bb5 0-0 13. Rd1 a6 14. Bxc6 bxc6 15. h5 d4 16. Bxf6 Rxf6 17. Qxe4 dxc3 18. b4 Qc7 19. Nge2 g5 20. h6 Bf8 21. Nd3 a5 22. Rh5 Rxh6 23. Rxh6 Bxh6 24. b5 Rb8 25. Nxc3 cxb5 26. Ne2 1/2-1/2

[Event "Oberliga Baden 0405"]
[Site "Germany"]
[Date "2005.04.10"]
[Round "9.7"]
[White "Arlt, Reinhard"]
[Black "Reefschlaeger, Helmut"]
[Result "1/2-1/2"]
[WhiteElo "2177"]
[BlackElo "2299"]
[PlyCount "46"]
[EventDate "2004.10.24"]
[EventType "team-tourn"]
[EventRounds "9"]
[EventCountry "GER"]
[SourceTitle "EXT 2007"]
[Source "ChessBase"]
[SourceDate "2006.11.23"]
[SourceVersion "1"]
[SourceVersionDate "2006.11.23"]
[SourceQuality "1"]
[WhiteTeam "Karlsruhe II"]
[BlackTeam "Baden Oos II"]
[WhiteTeamCountry "GER"]
[BlackTeamCountry "GER"]

1. e4 e6 2. d4 d5 3. Nc3 Nc6 4. Nf3 Nf6 5. e5 Ne4 6. Bd3 Bb4 7. Bd2 Nxd2 8. Qxd2 f6 9. exf6 Qxf6 10. 0-0-0 Bd7 11. Bb5 Bd6 12. Qe2 0-0 13. h4 a6 14. Bd3 Nb4 15. Kb1 Nxd3 16. Qxd3 h6 17. Rde1 Rae8 18. Re2 Re7 19. Ne5 Bxe5 20. Rxe5 Qxf2 21. Nxd5 Ref7 22. Ne3 Bc6 23. Rxe6 Bxg2 1/2-1/2

[Event "Oberliga Baden 0405"]
[Site "Germany"]
[Date "2005.03.13"]
[Round "8.7"]
[White "Landenberger, Martin"]
[Black "Arlt, Reinhard"]
[Result "1-0"]
[WhiteElo "2155"]
[BlackElo "2177"]
[PlyCount "65"]
[EventDate "2004.10.24"]
[EventType "team-tourn"]
[EventRounds "9"]
[EventCountry "GER"]
[SourceTitle "EXT 2007"]
[Source "ChessBase"]
[SourceDate "2006.11.23"]
[SourceVersion "1"]
[SourceVersionDate "2006.11.23"]
[SourceQuality "1"]
[WhiteTeam "Ladenburg"]
[BlackTeam "Karlsruhe II"]
[WhiteTeamCountry "GER"]
[BlackTeamCountry "GER"]

1. d4 f5 2. Nc3 g6 3. e4 fxe4 4. Nxe4 Bg7 5. Nf3 d5 6. Ng3 Bg4 7. Be2 Nc6 8. c3 Qd6 9. 0-0 Bxf3 10. Bxf3 0-0-0 11. b4 h5 12. Qa4 a6 13. b5 axb5 14. Qxb5 Nb8 15. Rb1 Qc6 16. Qb3 b6 17. Be3 Nf6 18. Rfc1 Bh6 19. c4 Bxe3 20. fxe3 Qb7 21. cxd5 Rd6 22. e4 h4 23. Nf1 g5 24. e5 g4 25. exd6 exd6 26. Be2 Nbd7 27. Rc6 Kd8 28. Rbc1 Re8 29. Bb5 Re4 30. Qc2 Rxd4 31. Rxc7 Qxd5 32. Bxd7 Nxd7 33. Qh7 1-0

[Event "Oberliga Baden 0405"]
[Site "Germany"]
[Date "2005.01.16"]
[Round "5.7"]
[White "Arlt, Reinhard"]
[Black "Henn, Wolfgang"]
[Result "1-0"]
[WhiteElo "2177"]
[BlackElo "2111"]
[PlyCount "61"]
[EventDate "2004.10.24"]
[EventType "team-tourn"]
[EventRounds "9"]
[EventCountry "GER"]
[SourceTitle "EXT 2007"]
[Source "ChessBase"]
[SourceDate "2006.11.23"]
[SourceVersion "1"]
[SourceVersionDate "2006.11.23"]
[SourceQuality "1"]
[WhiteTeam "Karlsruhe II"]
[BlackTeam "Slavija KA"]
[WhiteTeamCountry "GER"]
[BlackTeamCountry "GER"]

1. e4 c5 2. Nc3 d6 3. g3 Nc6 4. Bg2 Nd4 5. d3 Nf6 6. Nce2 e5 7. c3 Nc6 8. c4 Be7 9. h3 h5 10. f4 Bd7 11. Nf3 a6 12. b3 Qc7 13. Ng5 Nd4 14. 0-0 Rf8 15. Nxd4 cxd4 16. a4 0-0-0 17. Ba3 Rde8 18. b4 h4 19. gxh4 exf4 20. b5 Rh8 21. bxa6 bxa6 22. Rb1 Bc6 23. Nf3 Nh5 24. Nxd4 Qa7 25. c5 Bd7 26. e5 dxe5 27. Rb7 Bxc5 28. Rxa7 Bxd4+ 29. Kh2 Bxa7 30. Qb3 Be3 31. Qb7+ 1-0

[Event "Baden VLN 0203"]
[Site "Baden"]
[Date "2003.05.04"]
[Round "9.5"]
[White "Arlt, Reinhard"]
[Black "Huth, Arno"]
[Result "1-0"]
[WhiteElo "2195"]
[BlackElo "2089"]
[PlyCount "75"]
[EventDate "2002.10.13"]
[EventType "team-tourn"]
[EventRounds "9"]
[EventCountry "GER"]
[SourceTitle "EXT 2022"]
[Source "ChessBase"]
[SourceDate "2021.10.06"]
[SourceVersion "1"]
[SourceVersionDate "2021.10.06"]
[SourceQuality "1"]
[WhiteTeam "Karlsruhe II"]
[BlackTeam "Mosbach"]
[WhiteTeamCountry "GER"]
[BlackTeamCountry "GER"]

1. e4 c6 2. d4 d5 3. Nc3 dxe4 4. Nxe4 Nf6 5. Nxf6+ gxf6 6. Bc4 Bf5 7. Nf3 e6 8. Bf4 Nd7 9. Qe2 Nb6 10. Bb3 Bg7 11. Nh4 Bg6 12. Nxg6 hxg6 13. 0-0-0 Qd7 14. c4 0-0-0 15. h4 e5 16. Be3 Qe7 17. d5 c5 18. h5 f5 19. hxg6 fxg6 20. Rxh8 Bxh8 21. g4 e4 22. gxf5 gxf5 23. Qd2 Nd7 24. Qa5 Qf6 25. Rd2 Qb6 26. Qa3 Rg8 27. d6 Rg1+ 28. Bd1 Be5 29. f4 Rg3 30. fxe5 Nxe5 31. Qa4 Nc6 32. Bf4 Rd3 33. Rxd3 exd3 34. Qb3 d2+ 35. Kxd2 Qa5+ 36. Qc3 Qxa2 37. Qh8+ Nd8 38. Bc2 1-0

[Event "Baden VLN 0203"]
[Site "Baden"]
[Date "2003.02.09"]
[Round "6.5"]
[White "Bloessl, Walter"]
[Black "Arlt, Reinhard"]
[Result "0-1"]
[WhiteElo "2250"]
[BlackElo "2195"]
[PlyCount "113"]
[EventDate "2002.10.13"]
[EventType "team-tourn"]
[EventRounds "9"]
[EventCountry "GER"]
[SourceTitle "EXT 2022"]
[Source "ChessBase"]
[SourceDate "2021.10.06"]
[SourceVersion "1"]
[SourceVersionDate "2021.10.06"]
[SourceQuality "1"]
[WhiteTeam "Ladenburg"]
[BlackTeam "Karlsruhe II"]
[WhiteTeamCountry "GER"]
[BlackTeamCountry "GER"]

1. e4 e6 2. d4 d5 3. Nc3 Bb4 4. e5 c5 5. a3 Bxc3+ 6. bxc3 Qc7 7. Nf3 Bd7 8. a4 Nc6 9. Qd2 Nge7 10. Bd3 h6 11. 0-0 b6 12. Re1 Na5 13. Qf4 c4 14. Bf1 Ng6 15. Qg3 0-0-0 16. h4 Rdg8 17. Ba3 Bc6 18. h5 Ne7 19. Bd6 Qd7 20. Qf4 Nf5 21. Bb4 g5 22. hxg6 Rxg6 23. g3 h5 24. Bh3 Nh6 25. Nh4 Rgg8 26. Ra2 Qd8 27. Kf1 Nb7 28. Rea1 a5 29. Ba3 Bxa4 30. Bc1 Be8 31. Rb1 b5 32. Rab2 Qb6 33. Qf6 Ng4 34. Bxg4 hxg4 35. Kg2 Qd8 36. Qf4 Kb8 37. Bd2 Ka7 38. Rh1 Ka6 39. Rbb1 Qe7 40. Ra1 Rh5 41. Bc1 Kb6 42. Ba3 Qg5 43. Qxg5 Rhxg5 44. Be7 Rh5 45. f4 gxf3+ 46. Kxf3 Bd7 47. g4 Rh7 48. Bf6 Nd8 49. Bxd8+ Rxd8 50. Ng2 Rxh1 51. Rxh1 b4 52. Rb1 Ba4 53. cxb4 Bxc2 54. bxa5+ Kxa5 55. Ra1+ Kb4 56. Ne3 Bg6 57. Ra7 0-1